| 000 | 00000nam##2200000za#4500 |
| 001 | 9.695760 |
| 003 | CaOODSP |
| 005 | 20210624234725 |
| 007 | cr ||||||||||| |
| 008 | 150407|2000||||xxc|||||o f|0| 0 eng|d |
| 040 | |aCaOODSP|beng |
| 043 | |an-cn--- |
| 086 | 1 |aC2-486/2000-4E-PDF |
| 110 | 1 |aCanada. |bIndustry Canada. |
| 245 | 10|aCanada's SchoolNet - learning without boundaries : |h[electronic resource]|bprofessional development |
| 260 | |aOttawa - Ontario : |bIndustry Canada |cc2000. |
| 300 | |a3p. |
| 500 | |aThe catalogue number (C2-486/2000-4) and ISBN (0-662-64819-6) for the bilingual print edition have been incorrectly copied in this electronic publication. |
| 590 | |a12-14-Supp|b2012-04-10 |
| 690 | 07|aEducational technology|2gcpds |
| 690 | 07|aLearning|2gcpds |
| 775 | 08|tRescol canadien - un apprentissage ouvert sur le monde : |w(CaOODSP)9.639882 |
| 776 | 0#|tCanada's SchoolNet learning without boundaries : |w(CaOODSP)9.661699 |
| 776 | 0#|tRescol canadien un apprentissage ouvert sur le monde : |w(CaOODSP)9.661700 |
| 856 | 40|ahttp://publications.gc.ca|qPDF|s216 KB|uhttps://publications.gc.ca/collections/Collection/C2-486-2000-4E.pdf |